Colonialism English & Punjabi / (Record no. 217106)
[ view plain ]
| 000 -LEADER | |
|---|---|
| fixed length control field | 00929 a2200205 4500 |
| 003 - CONTROL NUMBER IDENTIFIER | |
| control field | Nust |
| 005 - DATE AND TIME OF LATEST TRANSACTION | |
| control field | 20230306101145.0 |
| 010 ## - LIBRARY OF CONGRESS CONTROL NUMBER | |
| LC control number | 2015325324 |
| 040 ## - CATALOGING SOURCE | |
| Transcribing agency | Nust |
| 082 ## - DEWEY DECIMAL CLASSIFICATION NUMBER | |
| Classification number | 338.9009171 |
| 100 1# - MAIN ENTRY--PERSONAL NAME | |
| Personal name | Shah, Safdar Ali, |
| 9 (RLIN) | 50772 |
| 245 10 - TITLE STATEMENT | |
| Title | Colonialism English & Punjabi / |
| Statement of responsibility, etc. | Safdar Ali Shah. |
| 246 3# - VARYING FORM OF TITLE | |
| Title proper/short title | Colonialism English and Punjabi |
| 260 ## - PUBLICATION, DISTRIBUTION, ETC. | |
| Place of publication, distribution, etc. | NUST |
| Name of publisher, distributor, etc. | Islamabad |
| Date of publication, distribution, etc. | 2015 |
| 300 ## - PHYSICAL DESCRIPTION | |
| Extent | 349 pages ; |
| Dimensions | 23 cm |
| 505 ## - FORMATTED CONTENTS NOTE | |
| Formatted contents note | Colonial Rules in the Punjab (Page-12), Western education and its Cultural Impact (Page-30), Punjabi Literature before Annexation (Page-56), Winds of Change (Page-76),Modern Punjabi Poetry (Page-132), Emergence of Non-Poetic Literature (Page-178) Colonial Influence on Punjabi Language (Page-198), New Punjabi Literature (Page-256), Futuristic Trends and directions (Page-284). |
| 651 #0 - SUBJECT ADDED ENTRY--GEOGRAPHIC NAME | |
| Geographic name | Punjab (India) |
| General subdivision | History. |
| 9 (RLIN) | 3789 |
| 651 #0 - SUBJECT ADDED ENTRY--GEOGRAPHIC NAME | |
| Geographic name | Punjab (Pakistan) |
| General subdivision | History. |
| 9 (RLIN) | 3743 |
| 942 ## - ADDED ENTRY ELEMENTS (KOHA) | |
| Source of classification or shelving scheme | |
| Koha item type | Book |
| Withdrawn status | Lost status | Source of classification or shelving scheme | Damaged status | Not for loan | Permanent Location | Current Location | Shelving location | Date acquired | Full call number | Barcode | Date last seen | Price effective from | Koha item type | Public note |
|---|---|---|---|---|---|---|---|---|---|---|---|---|---|---|
| Military College of Signals (MCS) | Military College of Signals (MCS) | General Stacks | 12/12/2016 | 338.9009171,SAF | MCS37328 | 12/08/2016 | 12/12/2016 | Book | Almirah No.50, Shelf No.4 |
